القواعد الفقهية الكبرى وأثرها في المعاملات المالية /
Saved in:
| Main Author: | |
|---|---|
| Other Authors: | |
| Format: | Thesis |
| Language: | Arabic |
| Published: |
al-Qahirah :
Jami'at al-Azhar,
[1997]
|
| Subjects: | |
| Tags: |
Add Tag
No Tags, Be the first to tag this record!
|
| LEADER | 016090000a22003010004500 | ||
|---|---|---|---|
| 008 | 130820s1997 ua 000 0 ara d | ||
| 040 | |a UIAM |b eng | ||
| 041 | |a ara | ||
| 050 | |a BP158.6.P1 | ||
| 100 | 1 | |a كامل، عمر عبد الله | |
| 242 | 1 | 3 | |a al-Qawaid al-fiqhiyah al-kubra wa-atharuha fi-al-mu'amalat al-maliyah |
| 245 | 1 | 2 | |a القواعد الفقهية الكبرى وأثرها في المعاملات المالية / |c إعداد الباحث، عمر عبدالله كامل |
| 260 | |a al-Qahirah : |b Jami'at al-Azhar, |c [1997] | ||
| 300 | |a 639 leaves ; |c 30 cm. | ||
| 500 | |a "رسالة مقدمة لنيل درجة الدكتوراه (العالمية) في كلية الدراسات العربية والإسلامية بالقاهر بجامعة الأزهر الشريف" --On t.p. | ||
| 502 | |a Thesis (Ph. D.)--Jami'at Al-Azhar, [1997]. | ||
| 504 | |a Includes bibliographical references (leaves 597-613). | ||
| 596 | |a 1 4 | ||
| 650 | |a Islamic law |x Interpretation and construction | ||
| 650 | 0 | |a Property (Islamic law) | |
| 650 | 0 | |a Commercial law (Islamic law) | |
| 650 | 0 | |a Contracts (Islamic law) | |
| 655 | |a Theses, Facsimile edition (Islamic) | ||
| 700 | 1 | |a Kamil, 'Umar 'Abd Allah | |
| 900 | |a arf-lfr | ||
| 999 | |c 432766 |d 463652 | ||
| 952 | |0 0 |6 TI BP 000158.6 P1 K15Q 2006 |7 0 |8 THESES |9 756295 |a IIiBFL |b IIiBFL |c CLOSEACCES |g 891.00 |o ti BP158.6 P1 K15Q 2006 |p 00011276223 |r 2017-10-31 |t 1 |v 891.00 |y THESIS | ||
| 952 | |0 0 |6 TI BP 000158.6 P1 K15Q 2006 |7 0 |8 THESES |9 756745 |a IIUM |b IIUM |c MULTIMEDIA |g 891.00 |o ti BP158.6 P1 K15Q 2006 |p 00011276222 |r 2017-10-23 |t 1 |v 891.00 |y THESIS | ||
